| 000 | 00000nam##2200000za#4500 |
| 001 | 9.602679 |
| 003 | CaOODSP |
| 005 | 20210624210706 |
| 007 | cr ||||||||||| |
| 008 | 150406|2001||||xxc|||||o f|0| 0 fre|d |
| 040 | |aCaOODSP|bfre |
| 043 | |an-cn--- |
| 086 | 1 |aNH18-22/101-140F-PDF |
| 110 | 2 |aSociété canadienne d'hypothèques et de logement. |
| 245 | 10|aÉtude portant sur les défaillances dans les bâtiments - 2001 |h[ressource électronique] |
| 260 | |aOttawa - Ontario : |bSociété canadienne d'hypothèques et de logement |c[2001]. |
| 300 | |a4p.|bgraphique, tableau |
| 490 | 1 |aLe point en recherche. Série technique |v01-140 |
| 590 | |a11-29-Supp|b2011-11-25 |
| 691 | 07|aBâtiment|2gcpds |
| 691 | 07|aRecherche|2gcpds |
| 775 | 08|t2001 building failures study |w(CaOODSP)9.572301 |
| 776 | 0#|tÉtude portant sur les défaillances dans les bâtiments - 2001 |w(CaOODSP)9.625863 |
| 830 | #0|aLe point en recherche. Série technique ;|v01-140|w(CaOODSP)9.501067 |
| 856 | 40|ahttp://publications.gc.ca|qPDF|s113 Ko|uhttps://publications.gc.ca/collections/Collection/NH18-22-101-140F.pdf|y01-140 |